The climb / (Record no. 1238)

MARC details
000 -LEADER
fixed length control field 01241cam a22002893a 4500
005 - DATE AND TIME OF LATEST TRANSACTION
control field 20231211151919.0
020 ## - INTERNATIONAL STANDARD BOOK NUMBER
International Standard Book Number 078073004508
040 ## - CATALOGING SOURCE
Original cataloging agency OCO
Transcribing agency OCO
Modifying agency DLC
Language of cataloging eng
050 00 - LIBRARY OF CONGRESS CALL NUMBER
Classification number PZ7.G6578
082 ## - DEWEY DECIMAL CLASSIFICATION NUMBER
Classification number Fic
100 1# - MAIN ENTRY--PERSONAL NAME
Personal name Korman, Gordon
245 14 - TITLE STATEMENT
Title The climb /
Statement of responsibility, etc. Gordon Korman
250 ## - EDITION STATEMENT
Edition statement This edition first printing, March 2012
260 ## - PUBLICATION, DISTRIBUTION, ETC.
Place of publication, distribution, etc. New York :
Name of publisher, distributor, etc. Scholastic,
Date of publication, distribution, etc. 2002
300 ## - PHYSICAL DESCRIPTION
Extent 151 pages :
Dimensions 20 cm
Other physical details Illustrations ;
490 0# - SERIES STATEMENT
Series statement Everest ;
Volume/sequential designation Book 2
500 ## - GENERAL NOTE
General note "An Apple paperback."
505 ## - FORMATTED CONTENTS NOTE
Formatted contents note R <br/>
520 ## - SUMMARY, ETC.
Summary, etc. A thrilling adventure trilogy from Gordon Korman about a number of kids competing to be the youngest person to ever reach the top of Mt. Everest The youngest expedition ever to attempt an Everest climb has begun. But the trouble starts long before they reach the summit. Competition is fierce. Conditions are harsh. And the trek from Base Camp proves a challenge that not all the contestants can meet...with disastrous results. And then the storm hits....
521 ## - TARGET AUDIENCE NOTE
Target audience note 770 <br/>
Source Lexile <br/>
521 ## - TARGET AUDIENCE NOTE
Target audience note R <br/><br/>
Source Raz-Plus <br/>
655 #7 - INDEX TERM--GENRE/FORM
Genre/form data or focus term Children's stories.
Source of term lcsh
655 #7 - INDEX TERM--GENRE/FORM
Genre/form data or focus term Adventure fiction.
Source of term gsafd
906 ## - LOCAL DATA ELEMENT F, LDF (RLIN)
a 7
b cbc
c copycat
d 2
e ncip
f 20
g y-genrareb
942 ## - ADDED ENTRY ELEMENTS (KOHA)
Source of classification or shelving scheme Dewey Decimal Classification
Koha item type Books
Suppress in OPAC No
999 ## -
-- 1238
-- 1238
Holdings
Withdrawn status Lost status Source of classification or shelving scheme Damaged status Not for loan Collection Home library Current library Shelving location Date acquired Total Checkouts Full call number Barcode Date last seen Date last checked out Price effective from Koha item type Copy number
    Dewey Decimal Classification     Juvenile Fiction Footprints International School Library Network Toul Kork Campus Footprints International School Library Network Toul Kork Campus   08/09/2023 1 KOR Fic PZ7.G6578 FIS05441 04/08/2025 08/21/2024 08/09/2023 Books  
    Dewey Decimal Classification     Juvenile Fiction Footprints International School Library Network Toul Kork Campus Footprints International School Library Network Toul Kork Campus   12/11/2023 1 KOR Fic PZ7.G6578 FIS00884 03/19/2024 03/12/2024 08/09/2023 Books 2